Central Library OPAC University of Rajshahi

কবিতা - অকবিতা রবীন্দ্রনাথ / (Record no. 74068)

MARC details
000 -LEADER
fixed length control field 00878nam a2200241 a 4500
001 - CONTROL NUMBER
control field 74068
003 - CONTROL NUMBER IDENTIFIER
rucl marc code BD-RjUL
005 - DATE AND TIME OF LATEST TRANSACTION
control field 20211209082503.0
008 - FIXED-LENGTH DATA ELEMENTS--GENERAL INFORMATION
fixed length control field 180212s2011 bg ||||| |||| 00| 0 ben d
020 ## - INTERNATIONAL STANDARD BOOK NUMBER
International Standard Book Number 9847008401955
Terms of availability 275.00
035 ## - SYSTEM CONTROL NUMBER
System control number (BD-RjUL)74286
040 ## - CATALOGING SOURCE
Original cataloging agency BD-RjUL
Language of cataloging eng
Transcribing agency BD-RjUL
041 ## - LANGUAGE CODE
Language code of text/sound track or separate title ben
082 ## - DEWEY DECIMAL CLASSIFICATION NUMBER
Edition number 23
Classification number 891.4414
Author mark and year SAK 2011
100 ## - MAIN ENTRY--PERSONAL NAME
Personal name সাহা , সনৎকুমার
9 (RLIN) 220142
245 10 - TITLE STATEMENT
Title কবিতা - অকবিতা রবীন্দ্রনাথ /
Statement of responsibility, etc. সনৎকুমার সাহা
260 ## - PUBLICATION, DISTRIBUTION, ETC. (IMPRINT)
Place of publication, distribution, etc. ঢাকা :
Name of publisher, distributor, etc. শোভা প্রকাশ ,
Date of publication, distribution, etc. ২০১১
300 ## - PHYSICAL DESCRIPTION
Pagination ২৫৩ পৃ. :
Size ২২ সেমি ;
600 ## - SUBJECT ADDED ENTRY--PERSONAL NAME
Personal name ঠাকুর , রবীন্দ্রনাথ
650 ## - SUBJECT ADDED ENTRY--TOPICAL TERM
Topical term or geographic name as entry element বাংলা সাহিত্য
9 (RLIN) 220144
Topical term or geographic name as entry element Bangla Literature
9 (RLIN) 220145
942 ## - ADDED ENTRY ELEMENTS (KOHA)
Source of classification or shelving scheme Dewey Decimal Classification
Koha item type Books
Holdings
Lost status Source of classification or shelving scheme Damaged status Not for loan Collection code Permanent Location Current Location Shelving location Date acquired Source of acquisition Cost, normal purchase price Total Checkouts Full call number Date last seen Copy number Koha item type
  Dewey Decimal Classification   Not For Loan Non-fiction Central Library, University of Rajshahi Central Library, University of Rajshahi Reading Room 14/09/2017 Rajshahi , Bidashagar 275.00   B 891.4414 SAK 2011 12/02/2018 C-1 Books
  Dewey Decimal Classification     Non-fiction Central Library, University of Rajshahi Central Library, University of Rajshahi   14/09/2017 Rajshahi , Bidashagar 275.00   B 891.4414 SAK 2011 12/02/2018 C-2 Books
  Dewey Decimal Classification     Non-fiction Central Library, University of Rajshahi Central Library, University of Rajshahi   14/09/2017 Rajshahi , Bidashagar 275.00   B 891.4414 SAK 2011 12/02/2018 C-3 Books